Pilotes Ducati en MotoGP - Statistiques

Statistiques générales
  • Ce quiz a été pris 4 fois
  • Le résultat moyen est 5 sur 17
Statistiques - réponses
Réponse % Correct
Marc Marquez
100%
Francesco Bagnaia
75%
Valentino Rossi
75%
Jack Miller
50%
Andrea Dovizioso
25%
Andrea Iannone
25%
Casey Stoner
25%
Danilo Petrucci
25%
Enea Bastianini
25%
Jorge Lorenzo
25%
Nicky Hayden
25%
Cal Crutchlow
0%
Carlos Checa
0%
Loris Capirossi
0%
Marco Melandri
0%
Sete Gibernau
0%
Troy Bayliss
0%
Aucun quiz correspondant
Distribution des résultats
% des personnes avec chaque résultat
Percentile par nombre de réponses
Votre historique - résultats
Vous n’avez pas pris ce quiz